000 00355nam a2200133 4500
999 _c9429
_d9429
003 OSt
005 20210419170644.0
008 210419b ||||| |||| 00| 0 eng d
020 _a9780486460109
082 _a726.60944
_bARC
100 _aBrandon raphael and brandon
245 _aGothic architecture 158 plates from the brandons treatise 1847
942 _2ddc